| 000 | 01400cam a2200337 a 4500 | ||
|---|---|---|---|
| 999 |
_c10077 _d10077 |
||
| 001 | 14359585 | ||
| 003 | GBCCL | ||
| 005 | 20241126110725.0 | ||
| 008 | 060501s2006 tnu b 001 0 eng d | ||
| 010 | _a 2006275431 | ||
| 020 | _a0805440186 | ||
| 035 | _a(OCoLC)ocm63284464 | ||
| 040 |
_aTNE _cTNE _dBAKER _dDLC |
||
| 042 | _alccopycat | ||
| 050 | 0 | 0 |
_aBT701.3 _b.W54 2006 |
| 082 |
_a233 _bWIL |
||
| 100 | 1 |
_aWilliams, Donald T., _d1951- _917495 |
|
| 245 | 1 | 0 |
_aMere humanity : _bG.K. Chesterton, C.S. Lewis, and J.R.R. Tolkien on the human condition / _cDonald T. Williams. |
| 260 |
_aNashville, Tenn. : _bBroadman & Holman Publishers, _cc2006. |
||
| 300 |
_a212 p. ; _c21 cm. |
||
| 504 | _aIncludes bibliographical references (p. 166-185) and indexes. | ||
| 600 | 1 | 0 |
_aChesterton, G. K. _q(Gilbert Keith), _d1874-1936. _917496 |
| 600 | 1 | 0 |
_aLewis, C. S. _q(Clive Staples), _d1898-1963. _93118 |
| 600 | 1 | 0 |
_aTolkien, J. R. R. _q(John Ronald Reuel), _d1892-1973. _917497 |
| 650 | 0 |
_aTheological anthropology. _914798 |
|
| 856 | 4 | 1 |
_3Table of contents only _uhttp://www.loc.gov/catdir/toc/fy0702/2006275431.html |
| 856 | 4 | 2 |
_3Publisher description _uhttp://www.loc.gov/catdir/enhancements/fy1003/2006275431-d.html |
| 906 |
_a7 _bcbc _ccopycat _d2 _encip _f20 _gy-gencatlg |
||
| 942 |
_2ddc _cBK |
||